[Event "Almaty zt 3.4"]
[Site "Almaty"]
[Date "2025.04.07"]
[Round "7"]
[White "Dairov, Daryn"]
[Black "Zhunusov, Murat"]
[Result "1-0"]
[WhiteElo "1958"]
[BlackElo "2004"]
[PlyCount "43"]
[EventDate "2025.04.02"]
[EventType "swiss"]
[EventRounds "9"]
[EventCountry "KAZ"]
[SourceTitle "CB15_2025"]
[SourceDate "2025.04.09"]
[SourceVersion "1"]
[SourceVersionDate "2025.04.09"]
[SourceQuality "1"]

1. e4 c5 2. Nf3 e6 3. d4 cxd4 4. Nxd4 Qb6 5. Nb3 Nc6 6. Bd3 Nf6 7. Nc3 Be7 8. 0-0 0-0 9. Be3 Qc7 10. f4 d6 11. Qf3 a6 12. Nd4 Bd7 13. Nxc6 Bxc6 14. Qh3 d5 15. e5 Ne4 16. Bd4 g6 17. f5 exf5 18. Rxf5 gxf5 19. Bxe4 dxe4 20. Qg3+ Bg5 21. Qxg5+ Kh8 22. Qf6+ 1-0

[Event "Astana Zhuldyzdary op-A"]
[Site "Astana"]
[Date "2023.07.11"]
[Round "1"]
[White "Makhnev, Denis"]
[Black "Zhunusov, Murat"]
[Result "1-0"]
[WhiteElo "2454"]
[BlackElo "2028"]
[PlyCount "177"]
[EventDate "2023.07.11"]
[EventType "swiss"]
[EventRounds "10"]
[EventCountry "KAZ"]
[SourceTitle "CBM 215 Extra"]
[Source "ChessBase"]
[SourceDate "2023.09.30"]
[SourceVersion "1"]
[SourceVersionDate "2023.09.30"]
[SourceQuality "1"]

1. d4 d5 2. Nf3 Nf6 3. c4 dxc4 4. e3 e6 5. Bxc4 c5 6. 0-0 a6 7. Be2 Nc6 8. Ne5 cxd4 9. Nxc6 bxc6 10. exd4 Bd6 11. Nd2 0-0 12. Nc4 Nd5 13. Qa4 Qc7 14. Nxd6 Qxd6 15. Bd2 Bd7 16. Rac1 Rfe8 17. Bf3 Qb8 18. b4 Rd8 19. Rc5 Be8 20. Qb3 Qd6 21. a3 Ne7 22. Rd1 h6 23. g3 Nd5 24. Qd3 Qb8 25. h4 Qb6 26. Be2 Rd6 27. Ra5 Qd8 28. Qf3 Ne7 29. Bc3 Nd5 30. Bb2 Qb6 31. Bd3 Bd7 32. g4 Qd8 33. Qg3 Bc8 34. g5 h5 35. Qf3 g6 36. Qe4 Bb7 37. Qe5 Rd7 38. Bc4 Qc7 39. Rd3 Qxe5 40. dxe5 Kf8 41. Bd4 Ke8 42. Bc5 Ne7 43. f4 Rxd3 44. Bxd3 Nd5 45. f5 exf5 46. Bd6 Kd7 47. Bc4 Ke6 48. Kf2 Kd7 49. Ke1 Ke8 50. Rc5 Nf4 51. Kd2 Ne6 52. Bxe6 fxe6 53. Kc3 Kd7 54. Kb3 Ra7 55. Kb2 Bc8 56. Kc3 Rb7 57. Rc4 Rb5 58. Bc5 Ke8 59. Rd4 Bd7 60. Rd6 a5 61. a4 axb4+ 62. Kc4 Rb8 63. a5 b3 64. Bb6 b2 65. Rd1 c5 66. Rb1 Bc6 67. Rxb2 Bd5+ 68. Kxc5 Rc8+ 69. Kb5 Bc4+ 70. Kb4 Ba6 71. Rd2 Rc4+ 72. Ka3 Rc3+ 73. Kb2 Rd3 74. Rc2 Rd5 75. Rc6 Kd7 76. Rc7+ Ke8 77. Rg7 Rxe5 78. Rxg6 f4 79. Rf6 Re2+ 80. Kc3 e5 81. Bc7 Kd7 82. Bb8 Re3+ 83. Kb4 Be2 84. a6 Bf3 85. g6 Re1 86. a7 Ke7 87. Bxe5 Rxe5 88. g7 Bd5 89. Rxf4 1-0

[Event "Kazakhstan Cup"]
[Site "Astana"]
[Date "2023.04.26"]
[Round "4"]
[White "Lysyj, Igor"]
[Black "Zhunusov, Murat"]
[Result "1-0"]
[WhiteElo "2606"]
[BlackElo "2022"]
[PlyCount "93"]
[EventDate "2023.04.23"]
[EventType "swiss"]
[EventRounds "9"]
[EventCountry "KAZ"]
[SourceTitle "CBM 213 Extra"]
[Source "ChessBase"]
[SourceDate "2023.05.31"]
[SourceVersion "1"]
[SourceVersionDate "2023.05.31"]
[SourceQuality "1"]

1. d4 Nf6 2. c4 e6 3. Nf3 d5 4. g3 Bb4+ 5. Bd2 Be7 6. Bg2 Nbd7 7. 0-0 c6 8. Qb3 0-0 9. Rc1 Ne4 10. Bb4 a5 11. Bxe7 Qxe7 12. Nc3 f5 13. e3 Kh8 14. Nxe4 dxe4 15. Ne5 Nxe5 16. dxe5 Qc5 17. Qa3 Qxa3 18. bxa3 Rd8 19. Rd1 Rd7 20. f3 exf3 21. Bxf3 Kg8 22. Rab1 Rb8 23. c5 Kf8 24. Rd6 Rxd6 25. exd6 Bd7 26. e4 g6 27. e5 Ke8 28. Kf2 Kd8 29. Ke3 Kc8 30. Kf4 h6 31. h4 Ra8 32. g4 fxg4 33. Bxg4 b5 34. Ke3 b4 35. Rf1 bxa3 36. Rf8+ Kb7 37. Rf7 Kc8 38. Rf8+ Kb7 39. Rf7 Kc8 40. Re7 Rb8 41. Bxe6 Bxe6 42. Rxe6 Rb2 43. Re8+ Kd7 44. Re7+ Kd8 45. e6 Rb1 46. Kd2 Rb2+ 47. Kd3 1-0

[Event "Almaty op"]
[Site "Almaty"]
[Date "2017.10.05"]
[Round "3"]
[White "Zhunusov, Murat"]
[Black "Akhmetov, Ayan"]
[Result "0-1"]
[WhiteElo "2140"]
[BlackElo "2397"]
[PlyCount "60"]
[EventDate "2017.10.03"]
[EventType "swiss"]
[EventRounds "9"]
[EventCountry "KAZ"]
[SourceTitle "CBM 181 Extra"]
[Source "ChessBase"]
[SourceDate "2017.12.12"]
[SourceVersion "1"]
[SourceVersionDate "2017.12.12"]
[SourceQuality "1"]

1. e4 c5 2. Nf3 e6 3. d4 cxd4 4. Nxd4 Nf6 5. Bd3 d6 6. Nc3 Be7 7. f4 Nc6 8. Nf3 a6 9. 0-0 0-0 10. Kh1 Qc7 11. a3 b5 12. Qe1 b4 13. Nd1 d5 14. Nf2 a5 15. Qe2 Rd8 16. a4 Bb7 17. e5 Nd7 18. Be3 Nc5 19. Bxc5 Bxc5 20. Bxh7+ Kxh7 21. Ng5+ Kg8 22. Qh5 Bxf2 23. Qh7+ Kf8 24. Qh8+ Ke7 25. Qxg7 Rf8 26. Rxf2 Nd4 27. Rd1 Qc5 28. Qf6+ Kd7 29. Rfd2 Nf5 30. Ne4 Qe3 0-1

[Event "Orsha op"]
[Site "Orsha"]
[Date "2015.01.23"]
[Round "7"]
[White "Marutkins, Olegs"]
[Black "Zhunusov, Murat"]
[Result "0-1"]
[WhiteElo "2127"]
[BlackElo "2181"]
[PlyCount "104"]
[EventDate "2015.01.19"]
[EventType "swiss"]
[EventRounds "9"]
[EventCountry "BLR"]
[SourceTitle "CBM 164 Extra"]
[Source "ChessBase"]
[SourceDate "2015.03.02"]
[SourceVersion "1"]
[SourceVersionDate "2015.03.02"]
[SourceQuality "1"]

1. e4 e6 2. d4 d5 3. Nc3 Nf6 4. e5 Nfd7 5. f4 c5 6. Nf3 Nc6 7. Be3 Be7 8. Qd2 b6 9. Bd3 a6 10. 0-0 g6 11. Rae1 Bb7 12. b3 Rc8 13. Ne2 Nb4 14. c3 Nxd3 15. Qxd3 Qc7 16. Rc1 b5 17. g4 f5 18. exf6 c4 19. Qb1 Nxf6 20. Ne5 Bd6 21. Ng3 Ne4 22. Nxe4 dxe4 23. bxc4 Bxe5 24. fxe5 Qxc4 25. Qb2 Bd5 26. Qf2 Kd7 27. Qf7+ Kc6 28. Qa7 Ra8 29. Qe7 Kb6 30. Rf7 Rac8 31. Qa7+ Ka5 32. Re1 Rhf8 33. a4 Qxc3 34. Re2 Rxf7 35. Qxf7 Kxa4 36. Qf1 Bc4 37. Qd1+ Bb3 38. Qb1 b4 39. Kf2 Rf8+ 40. Kg2 Qd3 41. Qe1 Bc4 42. Qa1+ Kb5 43. Re1 a5 44. d5 Bxd5 45. Qc1 Bc4 46. Kg1 a4 47. h3 a3 48. Rd1 Qxd1+ 49. Qxd1 Rf1+ 50. Qxf1 Bxf1 51. Kxf1 b3 52. Ke2 b2 0-1

[Event "KAZ-ch U20"]
[Site "Kostanay"]
[Date "2012.02.11"]
[Round "9"]
[White "Zhunusov, Murat"]
[Black "Chernikov, Daniil"]
[Result "1-0"]
[WhiteElo "2205"]
[BlackElo "1957"]
[PlyCount "61"]
[EventDate "2012.02.04"]
[EventType "swiss"]
[EventRounds "9"]
[EventCountry "KAZ"]
[SourceTitle "EXT 2014"]
[Source "ChessBase"]
[SourceDate "2013.11.20"]
[SourceVersion "1"]
[SourceVersionDate "2013.11.20"]
[SourceQuality "1"]

1. e4 e5 2. Nf3 Nc6 3. Bc4 Nd4 4. 0-0 Nxf3+ 5. Qxf3 Qf6 6. Qe2 Bc5 7. Nc3 Ne7 8. d3 0-0 9. Na4 d6 10. Nxc5 dxc5 11. Be3 Qd6 12. f4 exf4 13. Bxf4 Qd4+ 14. Be3 Qd6 15. Qh5 Be6 16. Bxc5 Qd7 17. Bxe6 Qxe6 18. Qg5 Rfe8 19. Bxe7 Rxe7 20. Rf2 h6 21. Qh5 Rf8 22. b3 Qb6 23. Raf1 c6 24. Kh1 Qc7 25. Rf3 Re5 26. Qh4 Qd7 27. Rg3 f5 28. Qxh6 fxe4 29. Rxf8+ Kxf8 30. Qh8+ Ke7 31. Rxg7+ 1-0

[Event "KAZ-ch U20"]
[Site "Kostanay"]
[Date "2012.02.06"]
[Round "3"]
[White "Rusanov, Konstantin"]
[Black "Zhunusov, Murat"]
[Result "0-1"]
[WhiteElo "2007"]
[BlackElo "2205"]
[PlyCount "38"]
[EventDate "2012.02.04"]
[EventType "swiss"]
[EventRounds "9"]
[EventCountry "KAZ"]
[SourceTitle "EXT 2014"]
[Source "ChessBase"]
[SourceDate "2013.11.20"]
[SourceVersion "1"]
[SourceVersionDate "2013.11.20"]
[SourceQuality "1"]

1. d4 d5 2. c4 e5 3. dxe5 d4 4. Nf3 Nc6 5. g3 Bg4 6. Bg2 Qd7 7. 0-0 Be7 8. a3 0-0-0 9. b4 Bxf3 10. Bxf3 Nxe5 11. Bg2 Nf6 12. Bf4 Ng6 13. c5 Nxf4 14. c6 Nh3+ 15. Kh1 Qf5 16. Qa4 Kb8 17. g4 Nxg4 18. Bxh3 Qf4 19. Bxg4 Bd6 0-1

[Event "KAZ-ch U20"]
[Site "Kostanay"]
[Date "2012.02.05"]
[Round "2"]
[White "Zhunusov, Murat"]
[Black "Iskakov, Aibek"]
[Result "1-0"]
[WhiteElo "2205"]
[BlackElo "2407"]
[PlyCount "52"]
[EventDate "2012.02.04"]
[EventType "swiss"]
[EventRounds "9"]
[EventCountry "KAZ"]
[SourceTitle "EXT 2014"]
[Source "ChessBase"]
[SourceDate "2013.11.20"]
[SourceVersion "1"]
[SourceVersionDate "2013.11.20"]
[SourceQuality "1"]

1. e4 e5 2. Nf3 Nc6 3. Bc4 Nf6 4. d4 exd4 5. 0-0 d6 6. Nxd4 Be7 7. Nc3 0-0 8. f3 Ne5 9. Be2 c6 10. h4 h5 11. Be3 d5 12. exd5 Nxd5 13. Bf2 Re8 14. Re1 Bb4 15. Rf1 Bxc3 16. bxc3 Nxc3 17. Qd2 Nxe2+ 18. Qxe2 Ng4 19. Qc4 Nxf2 20. Rxf2 Qf6 21. Rb1 Re5 22. Rd2 b5 23. Qxc6 Qxc6 24. Nxc6 Re8 25. Ne7+ Kf8 26. Nxc8 Rexc8 1-0

[Event "KAZ-ch U20"]
[Site "Kostanay"]
[Date "2012.02.04"]
[Round "1"]
[White "Makhnev, Denis"]
[Black "Zhunusov, Murat"]
[Result "1-0"]
[WhiteElo "1625"]
[BlackElo "2205"]
[PlyCount "63"]
[EventDate "2012.02.04"]
[EventType "swiss"]
[EventRounds "9"]
[EventCountry "KAZ"]
[SourceTitle "EXT 2014"]
[Source "ChessBase"]
[SourceDate "2013.11.20"]
[SourceVersion "1"]
[SourceVersionDate "2013.11.20"]
[SourceQuality "1"]

1. d4 f5 2. c4 e6 3. Nf3 d5 4. g3 c6 5. Bg2 Bd6 6. 0-0 Nf6 7. b3 Qe7 8. Bb2 0-0 9. Nbd2 Bd7 10. Ne5 Be8 11. Qc2 Ne4 12. Nxe4 fxe4 13. f3 exf3 14. exf3 Nd7 15. Nxd7 Bxd7 16. Rae1 Qf7 17. f4 b5 18. Kh1 Rab8 19. Bc1 bxc4 20. bxc4 Rb4 21. Ba3 Rxc4 22. Qxc4 dxc4 23. Bxd6 Rd8 24. Rf3 Be8 25. Bc5 Qb7 26. Rf2 a6 27. Rc1 Qb5 28. Bf1 Qb7 29. Kg1 Qf7 30. Bxc4 g6 31. Re2 Qf6 32. Re5 1-0

[Event "IBCA World Cup 6th"]
[Site "Calimanesti"]
[Date "2010.04.26"]
[Round "5.1"]
[White "Zhunusov, Murat"]
[Black "Pribeanu, Mihail Dacian"]
[Result "1-0"]
[WhiteElo "2181"]
[BlackElo "2213"]
[PlyCount "69"]
[EventDate "2010.04.21"]
[EventType "team-tourn"]
[EventRounds "7"]
[EventCountry "ROU"]
[SourceTitle "EXT 2011"]
[Source "ChessBase"]
[SourceDate "2010.11.26"]
[SourceVersion "1"]
[SourceVersionDate "2010.11.26"]
[SourceQuality "1"]
[WhiteTeam "Kazakhstan (blind)"]
[BlackTeam "Romania (blind)"]
[WhiteTeamCountry "KAZ"]
[BlackTeamCountry "ROU"]

1. e4 c6 2. d4 d5 3. e5 Bf5 4. Be3 e6 5. Nd2 Nd7 6. Ngf3 h6 7. Be2 Ne7 8. 0-0 Nc8 9. c4 dxc4 10. Nxc4 Be7 11. Qb3 Ndb6 12. Rfc1 Nxc4 13. Bxc4 Nb6 14. Be2 0-0 15. a4 a5 16. Nd2 Bb4 17. Nc4 Nd5 18. Bf3 b5 19. Nd2 Qd7 20. Ne4 Rfb8 21. Qd1 Be7 22. Nc5 Qa7 23. b3 bxa4 24. Rxa4 Rb4 25. Bd2 Rxd4 26. Rxd4 Bxc5 27. Rdc4 Bxf2+ 28. Kh1 c5 29. Ra4 Rd8 30. Bxa5 Rd7 31. Be1 Qc7 32. Bxf2 Nb6 33. Qe1 Nxa4 34. bxa4 c4 35. a5 1-0

[Event "Izmailov Memorial op 10th"]
[Site "Tomsk"]
[Date "2006.07.12"]
[Round "1"]
[White "Zhunusov, Murat"]
[Black "Gajsin, Evgenij"]
[Result "0-1"]
[WhiteElo "2221"]
[BlackElo "2467"]
[PlyCount "52"]
[EventDate "2006.07.12"]
[EventType "swiss"]
[EventRounds "9"]
[EventCountry "RUS"]
[SourceTitle "EXT 2008"]
[Source "ChessBase"]
[SourceDate "2007.11.25"]
[SourceVersion "1"]
[SourceVersionDate "2007.11.25"]
[SourceQuality "1"]

1. e4 c5 2. Nf3 d6 3. d4 cxd4 4. Qxd4 Bd7 5. Bg5 h6 6. Bh4 Nc6 7. Qd2 g5 8. Bg3 Bg7 9. c3 Nf6 10. Bd3 0-0 11. Na3 d5 12. exd5 Nxd5 13. 0-0-0 Qa5 14. Bb1 Nxc3 15. Qxd7 Ne2+ 16. Kc2 Qa4+ 17. Kd2 Nxg3 18. hxg3 Rfd8 19. Ke2 Rxd7 20. Rxd7 Nd4+ 21. Rxd4 Bxd4 22. b3 Qxa3 23. Nxd4 Qb2+ 24. Ke3 Qc3+ 25. Ke4 Rd8 26. Nf5 e6 0-1

[Event "Tomsk-ch"]
[Site "Tomsk"]
[Date "2006.??.??"]
[Round "?"]
[White "Askarov, Bakhtiyar"]
[Black "Zhunusov, Murat"]
[Result "1-0"]
[WhiteElo "2420"]
[BlackElo "2220"]
[PlyCount "63"]
[EventDate "2006.06.??"]
[EventType "tourn"]
[EventRounds "9"]
[EventCountry "RUS"]
[EventCategory "3"]
[SourceTitle "EXT 2008"]
[Source "ChessBase"]
[SourceDate "2007.11.25"]
[SourceVersion "1"]
[SourceVersionDate "2007.11.25"]
[SourceQuality "1"]

1. e4 c5 2. Nf3 d6 3. d4 cxd4 4. Nxd4 Nf6 5. Nc3 a6 6. Be3 e5 7. Nf3 h6 8. Bc4 Be7 9. 0-0 0-0 10. a4 Be6 11. Qe2 Nc6 12. Rfd1 Rc8 13. Nd5 Bxd5 14. exd5 Nb8 15. a5 Ne8 16. b4 Nd7 17. Bb3 f5 18. c4 Kh8 19. Bc1 Nc7 20. Rd3 Qe8 21. Ba4 Rd8 22. Bb2 Qh5 23. Re3 Nf6 24. Nd4 Ng4 25. Rh3 Qg6 26. Bc2 e4 27. f3 exf3 28. gxf3 Ne5+ 29. Kh1 Bg5 30. Rg1 Rde8 31. Qf1 Qf7 32. Rxg5 1-0

[Event "Tomsk-ch"]
[Site "Tomsk"]
[Date "2006.??.??"]
[Round "?"]
[White "Shkurikhin, Ilia"]
[Black "Zhunusov, Murat"]
[Result "1-0"]
[WhiteElo "2305"]
[BlackElo "2220"]
[PlyCount "73"]
[EventDate "2006.06.??"]
[EventType "tourn"]
[EventRounds "9"]
[EventCountry "RUS"]
[EventCategory "3"]
[SourceTitle "EXT 2008"]
[Source "ChessBase"]
[SourceDate "2007.11.25"]
[SourceVersion "1"]
[SourceVersionDate "2007.11.25"]
[SourceQuality "1"]

1. d4 d5 2. c4 e5 3. dxe5 d4 4. Nf3 Nc6 5. Bf4 Nge7 6. a3 Bg4 7. Nbd2 Ng6 8. Bg3 a5 9. Nb3 Bxf3 10. exf3 a4 11. Nc1 Ngxe5 12. f4 Nd7 13. Nd3 Be7 14. Be2 0-0 15. Bf3 Nc5 16. Qc2 Bd6 17. 0-0 Qf6 18. Nxc5 Bxc5 19. f5 Bd6 20. Bxd6 Qxd6 21. Rad1 Qc5 22. Rfe1 Rfd8 23. Be4 Rd6 24. Bd3 Ne5 25. Qe2 Nd7 26. g4 h6 27. f4 Qb6 28. g5 Nc5 29. Qg4 Nxd3 30. Rxd3 Qxb2 31. c5 Rc6 32. f6 Qc2 33. gxh6 g6 34. h7+ Kh8 35. Qd7 Rxf6 36. Re8+ Kxh7 37. Qh3+ 1-0

[Event "IBCA World Cup 5th"]
[Site "Eretria"]
[Date "2005.07.18"]
[Round "6.1"]
[White "Riegler, Dieter"]
[Black "Zhunusov, Murat"]
[Result "0-1"]
[WhiteElo "2148"]
[BlackElo "2218"]
[PlyCount "68"]
[EventDate "2005.07.13"]
[EventType "team"]
[EventRounds "8"]
[EventCountry "GRE"]
[SourceTitle "EXT 2006"]
[Source "ChessBase"]
[SourceDate "2005.11.24"]
[SourceVersion "1"]
[SourceVersionDate "2005.11.24"]
[SourceQuality "1"]

1. d4 Nf6 2. c4 g6 3. Nc3 d5 4. Nf3 Bg7 5. Bg5 Ne4 6. Bh4 Nxc3 7. bxc3 dxc4 8. e3 b5 9. a4 c6 10. Qb1 a6 11. Be2 Nd7 12. Nd2 Nb6 13. axb5 cxb5 14. Bf3 Nd5 15. 0-0 0-0 16. Bxe7 Qxe7 17. Bxd5 Ra7 18. Bf3 Re8 19. Qb2 Qc7 20. Ra2 Bf8 21. Nb1 Bd6 22. g3 Bf5 23. Na3 Bd3 24. Rfa1 Rb8 25. Nc2 a5 26. e4 b4 27. Nxb4 Bxb4 28. cxb4 Rxb4 29. Qc1 Qb6 30. d5 Qd4 31. Qf4 c3 32. e5 Qxf4 33. gxf4 c2 34. Rc1 Rb1 0-1

[Event "IBCA Wch blind 10th"]
[Site "Istanbul"]
[Date "2002.11.22"]
[Round "3"]
[White "Zhunusov, Murat"]
[Black "Kuhlmann, Hans Peter"]
[Result "1-0"]
[WhiteElo "2245"]
[BlackElo "2120"]
[PlyCount "53"]
[EventDate "2002.11.20"]
[EventType "swiss"]
[EventRounds "9"]
[EventCountry "TUR"]
[SourceTitle "EXT 2004"]
[Source "ChessBase"]
[SourceDate "2003.11.25"]
[SourceVersion "1"]
[SourceVersionDate "2003.11.25"]
[SourceQuality "1"]

1. d4 Nf6 2. c4 g6 3. Nc3 d5 4. cxd5 Nxd5 5. e4 Nxc3 6. bxc3 Bg7 7. Be3 0-0 8. Bc4 c5 9. Ne2 cxd4 10. cxd4 Nc6 11. Rc1 Qa5+ 12. Kf1 Bd7 13. h4 Rfc8 14. h5 Nd8 15. f4 b5 16. Bb3 Rxc1 17. Bxc1 Rc8 18. Kf2 Qb6 19. hxg6 hxg6 20. Be3 a5 21. d5 Qc7 22. Bd4 a4 23. Qa1 e5 24. dxe6 axb3 25. Bxg7 fxe6 26. Rh8+ Kf7 27. Qf6# 1-0